Nueve perfectos desconocidos /

Gardado en:
Detalles Bibliográficos
Autor Principal: Moriarty, Liane (autor)
Formato: Libro
Idioma:Lingua castelá
Publicado: Barcelona, España : Suma de Letras, 2020, c2020
Temas:
Etiquetas: Engadir etiqueta
Sen Etiquetas, Sexa o primeiro en etiquetar este rexistro!

MARC

LEADER 00000nam^a2200000^a^4500
001 000420298
005 20250521000000.0
009 20260310122506.223
020 |a 978-84-9129-446-7 
037 |a Acervo ITESO - Biblioteca 
041 |a ESP 
082 |a 823.  |b MOR 
100 |a Moriarty, Liane  |e (autor) 
245 1 0 |a Nueve perfectos desconocidos /  |c L. Moriarty ; tr. por Jesús de la Torre. 
264 4 |a Barcelona, España :  |b Suma de Letras,  |c 2020, c2020 
300 |a 549 p. 
336 |a texto  |b txt  |2 rdacontenido 
337 |a sin mediación  |b n  |2 rdamedio 
338 |a volumen  |b nc  |2 rdasoporte 
500 |a Traducción de: Nine Perfect Strangers 
649 |a XX 
650 |a Novela Australiana 
650 |a Literatura Policíaca y de Misterio -  |z Australia 
650 |a Psicología y Literatura Policíaca -  |z Australia 
650 |a Literatura de Mujeres -  |z Australia 
650 |a Literatura Australiana -  |y Siglo XXI 
650 |a Duelo 
650 |a Relaciones Familiares 
650 |a Balnearios en la Literatura 
910 |a Fondo General 
920 |a Impresos - Libros 
930 |a Colección General 
940 |a Literatura 
905 |a 101 
901 |a 0500328838  |b IT1  |c LIT  |i C171990  |u 20250521 
902 |a https://opac.biblio.iteso.mx/vufind/Record/000420298